Intelligent decision making and planning for call center (Record no. 13429)

000 -LEADER
fixed length control field 00462nam a22001337a 4500
082 ## - DEWEY DECIMAL CLASSIFICATION NUMBER
Classification number MSIT-12 RAS
100 ## - MAIN ENTRY--PERSONAL NAME
Personal name Owais Rashid
9 (RLIN) 98275
245 ## - TITLE STATEMENT
Title Intelligent decision making and planning for call center
260 ## - PUBLICATION, DISTRIBUTION, ETC.
Place of publication, distribution, etc. Islamabad
Name of publisher, distributor, etc. NUST-SEECS
Date of publication, distribution, etc. 2015
300 ## - PHYSICAL DESCRIPTION
Extent 36p.
Other physical details ill.;
Accompanying material CD ROM
500 ## - GENERAL NOTE
General note Dr. Ali Mustafa Qamar, Dr. Sharifullah Khan, Dr. M. Muneeb ullah, Dr. Omar Arif
856 ## - ELECTRONIC LOCATION AND ACCESS
Uniform Resource Identifier <a href=" http://10.250.8.41:8080/xmlui/handle/123456789/10079"> http://10.250.8.41:8080/xmlui/handle/123456789/10079</a>
942 ## - ADDED ENTRY ELEMENTS (KOHA)
Koha item type Project Report
Source of classification or shelving scheme
Holdings
Withdrawn status Lost status Damaged status Not for loan Collection code Permanent Location Current Location Shelving location Date acquired Total Checkouts Full call number Barcode Date last seen Price effective from Koha item type Source of classification or shelving scheme
          Central Library (CL) Central Library (CL) Reference 12/15/2015   MSIT-12 RAS SEECSP01803 12/15/2015 12/15/2015 Project Report  
          Central Library (CL) Central Library (CL) Thesis 10/14/2019   004 CL-T-3161 10/14/2019 10/14/2019 Thesis  
          Central Library (CL) Central Library (CL) Thesis 12/19/2019   004 MSIT-12 RAS CL-T-4273 12/19/2019 12/19/2019 Thesis  
© 2023 Central Library, National University of Sciences and Technology. All Rights Reserved.